000 01398nam a22002777a 4500
005 2009071604424.0
008 090714t xxu||||| |||| 00| 0 hin d
010 _aHIN-87288
020 _a9788189962982
_c150.00
035 _aHN-59634
037 _bDBAD / PUB
040 _adpl
_bhn
082 _a745
100 _aगारे, गोविन्द
245 _aवारली चित्र संस्कृति /
_cगोविन्द गारे; गोविन्द गुण्ठे द्वारा मराठी से अनुदित; नीलाभ द्वारा पुनरीक्षण
246 _aWarli chitra sanskriti
_bby Govind Gare
260 _aगाजियाबाद
_bरेमाधव पब्लिकेसन्स
_c2009
270 _aसी-22, तृतीय तल, आर.डी.सी. राजनगर,
_bगाजियाबाद
_k201002
300 _a119पृ..
_c22सेमी (सजिल्द)
_bसचित्र
650 _aलोक कला
650 _aFolk arts
700 _aगुण्ठे, गोविन्द
700 _aनीलाभ
942 _2ddc
_cHN
_mगारेगो
_h745
999 _c28318
_d28318